German Location Grammar Quiz Stats

 Plays Quiz not verified by Sporcle

Also try: Restoring Order
Challenge
Share
Tweet
Embed
Score 0/32 Timer 20:00
0 Plays Today
Hint Answer % Correct
Ich gehe... Touristeninformationzur/in die
100%
Ich bin... Bahnhofam/im
100%
Ich gehe... Cafeins
95.2%
Ich gehe... Hotelins
95.2%
Ich bin... Restaurantim
95.2%
Ich bin... Kinoim
95.2%
Ich bin... Cafeim
95.2%
Ich bin... Supermarktim
95.2%
Ich gehe... Museumins
90.5%
Ich gehe... Rathausins
90.5%
Ich gehe... Theaterins
90.5%
Ich gehe... Apothekein die
90.5%
Ich bin... Theaterim
90.5%
Ich bin... Hotelim
90.5%
Ich bin... Apothekein der
90.5%
Ich bin... Universit├Ątan der/in der
90.5%
Hint Answer % Correct
Ich gehe... Kinoins
85.7%
Ich gehe... Bahnhofzum/an den
85.7%
Ich gehe... Postzur/auf die
85.7%
Ich gehe... Universit├Ątzur/an die
85.7%
Ich gehe... Supermarktin den
85.7%
Ich bin... Touristeninformationin der/bei der
85.7%
Ich bin... Museumim
85.7%
Ich bin... Rathausim
85.7%
Ich gehe... Restaurantins
81%
Ich gehe... Parkplatzzum/auf den
81%
Ich gehe... Bankzur/auf die
81%
Ich gehe... Operin die
76.2%
Ich bin... Operin der
76.2%
Ich bin... Bankauf der
66.7%
Ich bin... Postauf der
66.7%
Ich bin... Parkplatzauf dem
52.4%

You're not logged in!

Compare scores with friends on all Sporcle quizzes.
Join for Free
OR
Log In

You Might Also Like...

Show Comments

Extras

Created Mar 24, 2017ReportNominate
Tags:German Quiz, grammar, location

Top Quizzes Today


Score Distribution

Your Account Isn't Verified!

In order to create a playlist on Sporcle, you need to verify the email address you used during registration. Go to your Sporcle Settings to finish the process.

Report this User

Report this user for behavior that violates our Community Guidelines.

Details: